000 00551nam a2200205Ia 4500
003 OSt
005 20260109140518.0
008 210210b2014 xxu||||| |||| 00| 0 eng d
020 _a9780195662139
040 _cAL
041 _aeng
082 _a333.7 SENE
100 _aRamprasad Sengupta
_9250852
245 _aEcology and economics
_b: an approach to sustainable development
260 _aNew Delhi
_bOxford University Press
_c2014
300 _axvi,264
690 _aEnvironmental Economics
_9250853
906 _a070932
942 _2ddc
_cBK
999 _c120334
_d120334